Manejo de malezas : manual del instructor
Guardado en:
| Formato: | Libro |
|---|---|
| Publicado: |
Roma :
Fao,
1987
|
| Materias: | |
| Etiquetas: |
Agregar Etiqueta
Sin Etiquetas, Sea el primero en etiquetar este registro!
|
| LEADER | 00713nam a22001815a 4500 | ||
|---|---|---|---|
| 001 | CEM.cems016694 | ||
| 005 | 20131206103033.0 | ||
| 008 | 130507s1987##################000#0#####d | ||
| 003 | CEMS | ||
| 082 | 0 | 4 | |a 632.58 |
| 245 | 0 | 0 | |a Manejo de malezas : |b manual del instructor |
| 260 | |a Roma : |b Fao, |c 1987 | ||
| 300 | |a 162 p. | ||
| 505 | 0 | |a Las malezas, nociones generales -- Control de malezas -- Aplicación de tecnología de ordenación de malezas -- Agricultura de conservación -- Estrategias de investigación -- Control de malezas en los cultivos -- Métodos de extensión | |
| 653 | |a Malezas | ||
| 653 | |a Malezas-control | ||
| 653 | |a Cultivos-malezas | ||
| 859 | |a CEMS |b BIB. CEMS - Agricultura |h 632.58 |i F418 |p A17196.93 |t Ej.1 | ||
